[Event "GER Seniors Derby 03rd"]
[Site "Undeloh"]
[Date "2004.04.18"]
[Round "7"]
[White "Meyer, Karl Heinz"]
[Black "Schuster, Rudolf"]
[Result "1/2-1/2"]
[WhiteElo "1838"]
[BlackElo "1665"]
[PlyCount "32"]
[EventDate "2004.04.15"]
[EventType "swiss"]
[EventRounds "7"]
[EventCountry "GER"]
[SourceTitle "EXT 2006"]
[Source "ChessBase"]
[SourceDate "2005.11.24"]
[SourceVersion "1"]
[SourceVersionDate "2005.11.24"]
[SourceQuality "1"]

1. e4 c5 2. Nc3 e6 3. f4 d5 4. Nf3 dxe4 5. Nxe4 Nf6 6. Ng3 Nc6 7. c3 b6 8. Bb5 Bb7 9. Ne5 Qc7 10. Qa4 Rc8 11. 0-0 Bd6 12. d4 0-0 13. Bd2 cxd4 14. Bxc6 Bxc6 15. Nxc6 Qxc6 16. Qxc6 Rxc6 1/2-1/2